[Event "SM-2020-0-00416"]
[Site "LSS email"]
[Date "2020.01.12"]
[Round "?"]
[White "Baroin, Bernard"]
[Black "Mostowik, Daniel"]
[Result "0-1"]
[WhiteElo "2173"]
[BlackElo "2217"]
[PlyCount "82"]
[EventDate "2019.10.14"]
[EventType "tourn (corr)"]
[EventRounds "6"]
[EventCountry "GER"]
[SourceTitle "Corr 2022"]
[Source "ChessBase"]
[SourceDate "2021.10.24"]
[SourceVersion "1"]
[SourceVersionDate "2021.10.24"]
[SourceQuality "1"]

1. e4 c5 2. Nf3 d6 3. d4 cxd4 4. Nxd4 Nf6 5. Nc3 a6 6. Be3 e5 7. Nb3 Be7 8. f3 Be6 9. Qd2 0-0 10. 0-0-0 Nbd7 11. g4 b5 12. g5 Nh5 13. Kb1 Nb6 14. Nd5 Nxd5 15. exd5 Bf5 16. Na5 Rc8 17. Nc6 Qd7 18. Rg1 f6 19. h4 Bd8 20. Qb4 Ra8 21. Qa3 Bc7 22. Rd2 Kh8 23. Rh2 Qf7 24. Bd3 Bxd3 25. Qxd3 Qg6 26. Qf1 Rfe8 27. a3 Rf8 28. Rf2 f5 29. Rd2 Rae8 30. Qd3 Qf7 31. g6 hxg6 32. Rdg2 f4 33. Bf2 Qf5 34. Rxg6 Qxd3 35. cxd3 Rf6 36. R6g5 Rh6 37. Ka2 Rh7 38. Rc1 Kg8 39. Rg6 Kf7 40. Kb3 Kxg6 41. Na7 Bb8 0-1

[Event "SM-2020-0-00416"]
[Site "LSS email"]
[Date "2020.01.12"]
[Round "?"]
[White "Baroin, Bernard"]
[Black "Willmann, Bernd"]
[Result "1/2-1/2"]
[WhiteElo "2173"]
[BlackElo "2300"]
[PlyCount "69"]
[EventDate "2019.10.14"]
[EventType "tourn (corr)"]
[EventRounds "6"]
[EventCountry "GER"]
[SourceTitle "Corr 2022"]
[Source "ChessBase"]
[SourceDate "2021.10.24"]
[SourceVersion "1"]
[SourceVersionDate "2021.10.24"]
[SourceQuality "1"]

1. e4 c5 2. Nf3 d6 3. d4 Nf6 4. Nc3 cxd4 5. Nxd4 a6 6. Bd3 g6 7. 0-0 Bg7 8. Be2 0-0 9. Be3 Re8 10. Re1 Bd7 11. Rb1 Nc6 12. a3 b5 13. Qd2 Qc8 14. f3 Nxd4 15. Bxd4 Qb7 16. Bf2 Rec8 17. Bd3 Rab8 18. Kh1 Be6 19. Bd4 Nd7 20. Bxg7 Kxg7 21. Re3 Rc5 22. Rbe1 b4 23. axb4 Qxb4 24. f4 f6 25. Qf2 Re8 26. Qf1 a5 27. Ra1 Nb6 28. Ree1 a4 29. Reb1 Ra8 30. Na2 Qd4 31. c3 Qe3 32. Nb4 Rh5 33. Be2 Rh4 34. Re1 Qxf4 35. Qxf4 1/2-1/2

[Event "SM-2020-0-00416"]
[Site "LSS email"]
[Date "2020.01.12"]
[Round "?"]
[White "Szabo, Vilmos"]
[Black "Baroin, Bernard"]
[Result "1/2-1/2"]
[WhiteElo "2412"]
[BlackElo "2173"]
[PlyCount "104"]
[EventDate "2019.10.14"]
[EventType "tourn (corr)"]
[EventRounds "6"]
[EventCountry "GER"]
[SourceTitle "Corr 2022"]
[Source "ChessBase"]
[SourceDate "2021.10.24"]
[SourceVersion "1"]
[SourceVersionDate "2021.10.24"]
[SourceQuality "1"]

1. d4 Nf6 2. c4 e6 3. Nf3 d5 4. Nc3 c6 5. e3 Nbd7 6. Bd3 dxc4 7. Bxc4 b5 8. Bd3 Bb7 9. e4 b4 10. Na4 c5 11. e5 Nd5 12. 0-0 Rc8 13. Nxc5 Nxc5 14. dxc5 Bxc5 15. Ng5 Be7 16. Ne4 Qc7 17. Qh5 h6 18. Re1 a5 19. h3 g6 20. Nd6+ Qxd6 21. exd6 gxh5 22. dxe7 Kxe7 23. a3 Kf6 24. Be4 Bc6 25. Bd2 Ne7 26. axb4 Bxe4 27. Rxe4 axb4 28. Rxb4 Nd5 29. Rd4 Rc2 30. Rd3 Rb8 31. b4 Rb5 32. Kf1 Kg6 33. Rb1 h4 34. Be1 f5 35. Rd2 Rc6 36. Ra2 Rcb6 37. Rb3 e5 38. f3 Kg5 39. Re2 Nf4 40. Rc2 Nd5 41. Kg1 f4 42. Re2 Kf5 43. Reb2 Kg5 44. Re2 Kf5 45. Ra2 Kg6 46. Rb1 Kg5 47. Kh2 Kf5 48. Rab2 Rb7 49. Ra1 R7b6 50. Rab1 Ne3 51. Kg1 Nc4 52. Ra2 Ne3 1/2-1/2